000 01417nam a2200325 c 4500
003 BLK
005 20230121100813.0
008 180408b bul|||||r ||||||| ||bul||
010 _aKNG00086554000
020 _a978-954-761-326-3
_bиздат.: ИнфоДар - на том(кн. 3)
040 _aBLK
041 _aBUL
_cBUL
080 _aАнглийска литература
_b821.111
_x-312.9
_z821.111-312.9
100 1 _aСтрауд, Джонатан
_eпърви автор
_9300354
700 1 _aХристов, Борис Рангелов
_eпрев. от англ.
_9367148
139 _aСтрауд, Джонатан
_bС 84
245 1 0 _aТрилогия за Бартимеус
_bРоман : Кн. 1 -
_cДжонатан Страуд; прев. от англ. Борис Рангелов Христов.
_nКн. 3
_pПортата на Птолемей
257 _aGBR
260 София
_c2007 -
300 _c20 см
380 _aX
653 _aфентъзи
653 _aромани
760 1 _3- на том(кн. 3)
_aСтрауд, Джонатан
_dИнфоДар, 2008
_h583 с.
_nОриг. загл. Ptolemy's Gate / Jonathan Stroud.
_tКн. 3 Портата на Птолемей
852 _aЦб 241970
856 4 _qpdf
_u
856 4 _qpdf
_u
942 _cKNG
_n0
_02
944 _aCR
_c17.11.2008
_lф /
_kЛюдмила_Стоянова
944 _aED
_c03.01.2017
_lф /
_kЛюдмила_Стоянова
999 _c82034
_d82034